Loading...
| Auditory Arts | 4 | 12.50 | 75% | 50% | 0% |
| Beliefs | 3 | 10.00 | 67% | 33% | 0% |
| Current Events | 3 | 13.33 | 100% | 33% | 0% |
| Fine Arts - Other Arts | 5 | 8.00 | 60% | 20% | 0% |
| Geography | 1 | 10.00 | 100% | 0% | 0% |
| History - American History | 5 | 14.00 | 100% | 20% | 20% |
| History - Ancient History | 3 | 6.67 | 33% | 33% | 0% |
| History - European History | 3 | 13.33 | 100% | 33% | 0% |
| History - World History | 6 | 6.67 | 50% | 17% | 0% |
| Literature - American Literature | 7 | 10.00 | 86% | 14% | 0% |
| Literature - British Literature | 4 | 7.50 | 75% | 0% | 0% |
| Literature - European Literature | 4 | 12.50 | 100% | 25% | 0% |
| Literature - World Literature | 6 | 8.33 | 83% | 0% | 0% |
| Other Academic | 1 | 10.00 | 100% | 0% | 0% |
| Philosophy | 2 | 10.00 | 50% | 50% | 0% |
| Science - Biology | 3 | 6.67 | 67% | 0% | 0% |
| Science - Chemistry | 3 | 13.33 | 100% | 0% | 33% |
| Science - Other Science | 6 | 11.67 | 100% | 17% | 0% |
| Science - Physics | 2 | 5.00 | 50% | 0% | 0% |
| Social Science | 7 | 11.43 | 86% | 29% | 0% |
| Visual Arts | 4 | 7.50 | 75% | 0% | 0% |